| 000 | 00511nam a2200181Ia 4500 | ||
|---|---|---|---|
| 003 | LK-CoDNM | ||
| 008 | 010623t1983 xxu||||| |||| 00| 1 sin d | ||
| 040 |
_aLK-CoDNM _dLK-CoDNM _eLK-CoDNM |
||
| 041 | _asin | ||
| 080 | _a32 | ||
| 100 | _aSirisena,Sunil | ||
| 245 | _aආර්ථික විදු විභාග විසදූමි | ||
| 246 | _aArthika Vidya Vibaga Visadum | ||
| 260 |
_bSarath Samrajiva _aKolleonnawa _c1983 |
||
| 300 | _b149p.;21 cm cm | ||
| 700 | _aWimalarathna,A | ||
| 942 | _cBK | ||
| 999 |
_c112226 _d112226 |
||